| 000 | 00895cam a22003017a 4500 | ||
|---|---|---|---|
| 003 | CHAP | ||
| 005 | 20220329140404.0 | ||
| 008 | 971013s1978 r 00010 d | ||
| 010 | _a51281 | ||
| 011 | _a52253 | ||
| 035 | _a56403 | ||
| 040 | _cCHAP | ||
| 082 |
_a335.4 _bR63 |
||
| 100 | 0 | 0 |
_aRoguinski, Iakov. _999083 |
| 245 | 1 | 3 | _aLa concepción marxista del hombre |
| 260 |
_aMadrid : _bAkal, _c1978 |
||
| 300 | _a252 p. | ||
| 490 | 0 |
_aAkal 74 _v; 112 |
|
| 590 |
_aBATCH-UPD _b10 _c20130110 _lUCH01 _h1829 |
||
| 590 |
_aCONVERSION _b10 _c20130109 _lUCH01 _h1328 |
||
| 650 | 1 | 4 |
_aHumanismo. _956860 |
| 650 | 1 | 4 |
_aMarxismo. _972728 |
| 830 | 0 |
_aAkal 74 _v; 112 _93265 |
|
| 901 | _aBK | ||
| 942 | _cLIBRO | ||
| 949 |
_a335.4 R63 _bBC _cLIBRO _d33724000342408 _eLIBRO _fc.2 _gI. c/e _h64612 _i56403 _si _t650.00 |
||
| 949 |
_a335.4 R63 _bBC _cLIBRO _d33724000342416 _eLIBRO _gI. c/e _h64417 _i56403 _si _t650.00 |
||
| 999 |
_c51281 _d51281 |
||